000 00324pam a2200157a 44500
008 230515b2008 xxu||||| |||| 00| 0 eng d
020 _aN
041 _aENGLISH
082 _aN
100 _aALHERFON W.H.
245 _aWORKSHOP PRACTICE
250 _a0
260 _aN
_bN/A
_c2008
300 _a1959
650 _aNULL
999 _c650949
_d650949